Death of a salesman: certain private conversations in two acts and a requiem

সংরক্ষণ করুন:
গ্রন্থ-পঞ্জীর বিবরন
প্রধান লেখক: Miller, Arthur (autor)
বিন্যাস: গ্রন্থ
ভাষা:ইংরেজি
প্রকাশিত: Londres Penguin Books 1961
বিষয়গুলি:
ট্যাগগুলো: ট্যাগ যুক্ত করুন
কোনো ট্যাগ নেই, প্রথমজন হিসাবে ট্যাগ করুন!

MARC

LEADER 00000cam a2200000 a 4500
001 UCG6739
003 CL-VaPUC
008 110520e19610000UK |||||||||||||||||eng|d
082 0 4 |a 812  |b MIL  |2 21 
100 |a Miller, Arthur  |e autor  |9 304152 
245 1 0 |a Death of a salesman: certain private conversations in two acts and a requiem 
300 |a 112 p 
942 |c BK 
945 |d 20110520 00:00:00  |a dcastane 
260 |a Londres  |b Penguin Books  |c 1961 
600 0 7 |a DRAMAS ESTADOUNIDENSES  |2 CL-VaPUC  |9 557090 
583 |a last modification  |c 20140821 01:14:16  |k Rodrigo Vera 
999 |c 344883  |d 344881 
952 |0 0  |1 0  |4 0  |6 812_000000000000000_MIL_1961  |7 0  |8 A  |9 443227  |a BIBEDU  |b BIBEDU  |d 2019-11-22  |i 477809K  |o 812 MIL 1961  |p 477809K  |r 2019-11-22  |w 2019-11-22  |y BK  |k LIT 
952 |0 0  |1 0  |3 erb  |4 0  |6 812_000000000000000_MIL_1961  |7 0  |8 A  |9 443228  |a BIBEDU  |b BIBEDU  |i 5095379  |l 1  |o 812 MIL 1961  |p 5095379  |r 2024-04-29  |s 2024-04-23  |w 2019-11-22  |y BK  |z Catalogado en:20140821  |k LIT